Statistics for Scottish Cup Winners

Click here to take the quiz!

General Stats

  • This quiz has been taken 345 times
    (203 since last reset)
  • The average score is 17 of 25

Answer Stats

Club% Correct
Celtic
100%
Rangers
99%
Aberdeen
95%
Heart of Midlothian
95%
Hibernian
91%
Dundee
90%
St Johnstone
85%
Dundee United
83%
St Mirren
79%
Inverness Caledonian Thistle
77%
Motherwell
77%
Kilmarnock
75%
Queen's Park
69%
Dunfermline Athletic
63%
Falkirk
62%
Partick Thistle
62%
Dumbarton
56%
Third Lanark
55%
Clyde
53%
Greenock Morton
47%
Airdrieonians
44%
East Fife
40%
Renton
26%
Vale of Leven
23%
St Bernard's
16%

Score Distribution

Percentile by Number Answered

Percent of People with Each Score

Your Score History

You have not taken this quiz since the last reset